Hacia la sociedad de la informacion y el conocimiento: Informe 2012 /
Documento que examina la evolución y los avances hacia una sociedad basada en la información y el conocimiento. El informe, publicado en 2012, proporciona una revisión detallada de los desarrollos tecnológicos, las tendencias en el uso de la información y las transformaciones en la educación y la co...
Guardat en:
| Autor corporatiu: | |
|---|---|
| Format: | Desconegut |
| Publicat: |
Costa Rica:
PROSIC, 2012
|
| Matèries: | |
| Etiquetes: |
Afegir etiqueta
Sense etiquetes, Sigues el primer a etiquetar aquest registre!
|
MARC
| LEADER | 00000 a2200000 04500 | ||
|---|---|---|---|
| 001 | 45537 | ||
| 003 | cru CIDCACS/ IIS | ||
| 005 | 20240108152636.0 | ||
| 008 | 991231s d | ||
| 022 | |a 978-9968-510-13-4 | ||
| 040 | |a CRAI/IIS |c cru CIDCACS/ IIS | ||
| 090 | |a 19.01.02 P964h 2012 | ||
| 110 | |a Universidad de Costa Rica. Programa Sociedad De La Información y El Conocimiento | ||
| 245 | |a Hacia la sociedad de la informacion y el conocimiento: |b Informe 2012 / |c Programa Sociedad De La Información y El Conocimiento | ||
| 260 | |a Costa Rica: |b PROSIC, 2012 | ||
| 300 | |a 511 páginas : tablas, gráficos | ||
| 520 | |a Documento que examina la evolución y los avances hacia una sociedad basada en la información y el conocimiento. El informe, publicado en 2012, proporciona una revisión detallada de los desarrollos tecnológicos, las tendencias en el uso de la información y las transformaciones en la educación y la comunicación. El Programa Sociedad de la Información y el Conocimiento posiblemente analiza indicadores clave relacionados con la adopción de tecnologías de la información, la conectividad digital y el acceso a la educación en línea. Además, podría explorar cómo estas tendencias impactan en diversos sectores de la sociedad costarricense y proponer recomendaciones para fomentar un mayor desarrollo en el ámbito de la información y el conocimiento. RAR 12/2023 | ||
| 650 | 0 | |a SOCIEDAD DE LA INFORMACION |2 OCDE |9 2090 | |
| 650 | 0 | |a CONOCIMIENTO |2 OCDE |9 5476 | |
| 650 | 0 | |a TECNOLOGIAS DE LA INFORMACION |2 OCDE |9 5636 | |
| 650 | 0 | |a CAMBIO TECNOLOGICO |2 UNESCO |9 1692 | |
| 650 | 0 | |a CONOCIMIENTOS TECNOLOGICOS |2 OCDE |9 1690 | |
| 650 | 0 | |a TRANSFERENCIA DE TECNOLOGIA |9 1388 | |
| 650 | 0 | |a UNIVERSIDAD DE COSTA RICA |9 4358 | |
| 650 | |2 OCDE | ||
| 942 | |2 ddc |c LI | ||
| 999 | |c 18229 |d 18229 | ||
